| 000 | 00979nam a2200253 i 4500 | ||
|---|---|---|---|
| 001 | 169119 | ||
| 003 | ES-MaACL | ||
| 005 | 20250812062537.0 | ||
| 008 | 080819s1955 sp f |||| | spa d | ||
| 080 | _a32(42) | ||
| 100 | 1 |
_aPryce-Jones, Alan. _994091 |
|
| 245 | 1 | 0 |
_aInglaterra y el Mediterráneo _b: aspectos de la soledad británica / _cAlan Pryce-Jones. |
| 260 |
_aMadrid : _bAteneo, _c1955. |
||
| 300 |
_a30 p. : _b1 lám. ; _c19 cm. |
||
| 490 | 1 |
_aColección "O crece o muere" ; _v88 |
|
| 500 | _aEl original fue dado a conocer por el autor en el Ateneo de Madrid dentro del ciclo "Tendencias actuales del pensamiento europeo", el día 15 de marzo de 1955. | ||
| 610 | 2 | 7 |
_aAteneo de Madrid- _vConferencias- _y1940-1982. _91908 |
| 651 | 4 |
_aInglaterra- _xPolítica y gobierno. _98844 |
|
| 830 | 0 | 0 |
_aColección "O crece o muere" _v88 _9183476 |
| 852 |
_aES-MaACL _jJ-24(88) |
||
| 852 |
_aES-MaACL _jJ-25(88) |
||
| 852 |
_aES-MaACL _j2207-F-4 |
||
| 999 |
_c169119 _d169119 |
||